Responses for Show #8870 - Friday, May 12, 2023

Hannah Wilson game 8.

Contestants

[<< previous game]

Victoria Ford, an independent bookstore owner from St. Paul, Minnesota

Skyler Gailing, an editorial and community associate from Exeter, New Hampshire

Hannah Wilson, a data scientist from Chicago, Illinois (whose 7-day cash winnings total $189,801)

[next game >>]

Jeopardy! Round responses

STATE CAPITAL TO STATE CAPITAL
TRIPLE RHYME TIME
COMPANY HEADQUARTERS
A BIRTHDAY TO REMEMBER
GAME SHOW HOSTS
ARMY "ANT"s
    $200 2
Boston

Hannah
    $200 1
booze cruise news

Triple Stumper
    $200 7
Qantas

Hannah
    $200 17
Marilyn Monroe

Victoria
    $200 30
(Victoria: What is $25,000?)

$100,000

Victoria
Triple Stumper
    $200 16
infantry

Triple Stumper
    $400 3
Juneau

Hannah
    $400 12
a Kill Bill Hill

Hannah
    $400 8
Japan

Hannah
    $400 18
(Victoria: What is a turtle?)
(Mayim: More specific.)
(Victoria: A sea turtle?)

a tortoise

HannahVictoria
    $400 23
(Drew) Carey

Hannah
    $400 26
anti-aircraft

Hannah
    $1,000 4
(Hannah: What is... I'm sorry.)

Indianapolis & Denver

Hannah
    $600 13
a regal Beagle eagle

Hannah
    $600 9
Volvo

Hannah
    $600 19
(Hannah: Oh... who is Norm... uh, mm, sorry.)

Norman Lear

HannahSkyler
    $600 22
(Jane) Lynch

Skyler
    $600 27
lieutenant (lieutenant general)

Hannah
    $800 5
Phoenix

Hannah
    $800 14
Dre may stay

Hannah
    $800 10
Club Med

Hannah
    $800 24
John the Baptist

Skyler
    $800 21
(Victoria: Who is Bob Barker?)

Richard Dawson

Victoria
Triple Stumper
    $800 28
Antietam

Hannah
    $1000 6
Olympia

Triple Stumper
    $1000 15
a swift thrift shift

Hannah
    $1000 11
(Mayim: Yes, you ran that category.)
[Applause]

Adidas

Hannah
    $1000 25
Amsterdam

Hannah
    $1000 20
Allen Ludden

Triple Stumper
    $1000 29
a warrant officer

Triple Stumper

Scores at the first commercial break (after clue 15):

Hannah Skyler Victoria
$6,200 $0 $0

Scores at the end of the Jeopardy! Round:

Hannah Skyler Victoria
$9,200 $2,000 -$1,200

Double Jeopardy! Round responses

LIFE IS PICARESQUE
SOLVE FOR "EX"
LESSER-KNOWN FILM TRILOGIES
7-LETTER ANIMALS
HYMNS & SPIRITUALS
THIS 20th CENTURY WORLD LEADER...
    $400 6
Spain

Hannah
    $400 1
an excavation

Skyler
    $400 21
Before

Hannah
    $400 11
a firefly

Skyler
    $400 26
"Amazing Grace"

Skyler
    $400 16
Thatcher

Hannah
    $800 7
Candide

Hannah
    $800 2
exaggerate

Hannah
    $800 22
Red, White & Blue

Victoria
    $800 15
the glutton

Triple Stumper
    $800 27
"down by the riverside"

Triple Stumper
    $800 17
Stalin

Hannah
    $1200 8
Henry Fielding

Triple Stumper
    $1200 3
an exclusive

Victoria
    $1200 23
(Skyler: Who is Wolverine?)

Blade

Skyler
Triple Stumper
    $1200 14
a caribou

Hannah
    $1200 28
every voice

Hannah
    $1200 18
Meir

Hannah
    $2,000 9
On the Road

Hannah
    $1600 4
ex parte

Hannah
    $1600 24
Barcelona

Triple Stumper
    $1600 13
a finback

Triple Stumper
    $1600 29
the sheaves

Triple Stumper
    $3,000 19
Ho Chi Minh

Hannah
    $2000 10
Daniel Defoe

Triple Stumper
    $2000 5
extant

Hannah
    $2000 25
Desperado

Triple Stumper
    $2000 12
(Skyler: What is a bonobo?)

a siamang

Skyler
Triple Stumper
    $2000 30
abide with me

Hannah
    $2000 20
Tito

Hannah

Scores at the end of the Double Jeopardy! Round:

Hannah Skyler Victoria
$29,000 $0 $800
(lock game)

[wagering suggestions for these scores]

Final Jeopardy! Round responses

NEW WORDS IN THE 18th CENTURY
(Mayim: Introducing the word into English from Tahiti, where he saw [*] on the people there.)
VictoriaWhat are shackles?
$799
HannahWhat are tattoos?
$11,000
tattoos

Final scores:

Hannah Skyler Victoria
$40,000 $0 $1
8-day champion: $229,801 3rd place: $1,000 2nd place: $2,000

Game dynamics:

Coryat scores:

Hannah Skyler Victoria
$28,200 $0 $800
33 R
(including 2 DDs),
2 W
(including 1 DD)
6 R,
2 W
3 R,
3 W

Combined Coryat: $29,000

[game clues] [game scores] [suggest correction]

Game tape date: 2023-02-28
The J! Archive is created by fans, for fans. Scraping, republication, monetization, and malicious use prohibited; this site may use cookies and collect identifying information. See terms. The Jeopardy! game show and all elements thereof, including but not limited to copyright and trademark thereto, are the property of Jeopardy Productions, Inc. and are protected under law. This website is not affiliated with, sponsored by, or operated by Jeopardy Productions, Inc. Join the discussion at JBoard.tv.